000 00664cam a22002173a 4500
001 37814
003 PGUSA
005 20140828083830.0
008 111021s2011||||xxu|||||s|||||000 | eng d
040 _aPGUSA
_beng
042 _adc
100 1 _aButterworth, Hezekiah,
_d1839-1905
245 1 4 _aThe Story of Magellan and The Discovery of the Philippines
_h[electronic resource] /
_cHezekiah Butterworth
260 _bProject Gutenberg,
_c2011
506 _aPublic domain in the USA.
516 _aElectronic text
700 1 _aMerrill, Frank T.,
_d1848-
830 0 _aProject Gutenberg
_v37814
856 4 0 _uhttp://www.gutenberg.org/ebooks/37814
942 _cEB
999 _c267068
_d267068